| 000 | 00871nam a22002897a 4500 | ||
|---|---|---|---|
| 001 | BR9213454 | ||
| 003 | BR-BrBNA | ||
| 005 | 20230928095108.0 | ||
| 007 | ta | ||
| 008 | 230509b bl.||||| |||| 00| 0 por d | ||
| 040 |
_aBR-BrBNA _bpor _cBiblioteca Nacional de Agricultura |
||
| 041 | _a(Por) | ||
| 072 | _aH10 | ||
| 090 | _ H10 BR9213454 | ||
| 100 | 1 | _aCruz, B.P.B. | |
| 100 | 1 | _aBatista Filho, A. | |
| 100 | 1 | _aLeite, L.G.(coords.) | |
| 110 | 1 | _aFundacao Cargill, Campinas, SP (Brasil) | |
| 111 | 1 |
_a2. Ciclo de Palestras sobre Controle Biologico de Pragas _cSao Paulo, SP (Brazil) _d3-5 Sep 1991 |
|
| 245 | 1 | _a2. Ciclo de Palestras sobre Controle Biologico de Pragas | |
| 260 | 3 |
_aCampinas, SP (Brasil): _c1992. |
|
| 300 | _a125 p. | ||
| 650 | _aPraga de Planta | ||
| 650 | _aControle Biologico | ||
| 909 |
_a202309 _bLucia _c55 _dLucia Elande |
||
| 942 | _cBK | ||
| 999 |
_c54496 _d54496 |
||